000 005130000a22001810004500
041 0 _aENG
082 0 4 _aG 266.38 M6939p
100 1 _aMoennich, Martha L.
245 1 0 _aPioneering for Christ in Xingu Jungles : Adventure in the heart of South America / Martha L. Moennich
250 _a2
260 _aGRand Rapids, IM., USA : Zondervan
300 _a166 Pag
001 7709
942 _cBK
999 _c37914
_d37914
336 _atexto
_btxt
_2rdacontent
337 _2rdamedia
_asin mediación
_bn
338 _2rdacarrier
_avolumen
_bnc